000 00664nam a2200181Ia 4500
008 151202s9999||||xx |||||||||||||| ||und||
082 _bPNVM-34842
100 _aसाळोखे विलास.
245 _aत्रिशूल:तीन एकांकिका.
260 _b"गुरु ॐ प्रकाशन,कोल्हापूर."
260 _c1982
300 _a82
600 _aसाळोखे विलास.
630 _aत्रिशूल:तीन एकांकिका.
700 _aसाळोखे विलास.
730 _aत्रिशूल:तीन एकांकिका.
942 _cBOOK
999 _c1300798
_d1300795